Six Letter Geography - A #2 - Statistics

General Stats
  • This quiz has been taken 71 times
  • The average score is 7 of 10
Answer Stats
Hint Answer % Correct
Capital and largest city of the Netherlands {Amster}dam
97%
Capital city where democracy started Athens
97%
Capital of the US state Texas Austin
96%
Capital city of New York state Albany
88%
Seventh president of the United States {Andrew} Jackson
85%
Street, boulevard, road, drive, etc.. Avenue
81%
Natural light in the Earth's polar regions Aurora
64%
Largest city in Kazakhstan by population Almaty
60%
Landlocked region in Northeastern Spain Aragon
30%
Coastal region of Italy forming the boot Apulia
21%
No matching quizzes found
Score Distribution
Percent of People with Each Score
Percentile by Number Answered
Your Score History
You have not taken this quiz